Sports Quiz

Random Sports or Football Quiz

1889/90 English Football League First Division Table Quiz Stats

 Plays Quiz not verified by Sporcle

Score 0/12 Timer 04:00
0 Plays Today
Position Answer % Correct
1stPreston North End (W15 D3 L4) - 33
86.7%
2ndEverton (W14 D3 L5) - 31
86.7%
5thWest Bromwich Albion (W11 D3 L8) - 25
86.7%
8thAston Villa (W7 D5 L10) - 19
83.3%
11thBurnley (W4 D5 L13) - 13
83.3%
12thStoke (W3 D4 L15) - 10
83.3%
9thBolton Wanderers (W9 D1 L12 - 19
80%
3rdBlackburn Rovers (W12 D3 L7) - 27
76.7%
4thWolverhampton Wanderers (W10 D5 L7) - 25
76.7%
7thDerby County (W9 D3 L10) - 21
73.3%
10thNotts County (W6 D5 L11) - 17
73.3%
6thAccrington (W9 D6 L7) - 24
66.7%

You're not logged in!

Compare scores with friends on all Sporcle quizzes.
OR
Log In

Sporcle TV

Today on Sporcle TV


Watch our educational content, quiz creation guides, and fun videos on Sporcle TV.

Show Comments

Extras

Top Quizzes Today


Score Distribution

Your Account Isn't Verified!

In order to create a playlist on Sporcle, you need to verify the email address you used during registration. Go to your Sporcle Settings to finish the process.

Report this User

Report this user for behavior that violates our Community Guidelines.

Details: